|
|
|
|
| LEADER |
00000cam a2200000 i 4500 |
| 001 |
1/84892 |
| 008 |
970319s1989 gr | ||| |||| ||gre|| |
| 035 |
|
|
|a 1990
|b 3
|c Δωρεά
|l 10034556
|
| 040 |
|
|
|a GR-MY-UA
|b gre
|e aacr
|
| 041 |
0 |
|
|a gre
|
| 082 |
0 |
|
|a 398.0949585
|
| 100 |
1 |
|
|a Κορρές, Γεώργιος Μ.
|
| 245 |
1 |
0 |
|a Μύκονος :
|b ιστορία και λαογραφία /
|c Γεώργιος Μ. Κορρές
|
| 246 |
3 |
4 |
|a Ιστορία και λαογραφία της Μυκόνου
|
| 260 |
|
|
|a Αθήνα :
|b [χ.ό.],
|c 1989
|
| 300 |
|
|
|a ... τ.
|
| 650 |
0 |
0 |
|a Folklore
|z Greece
|z Mykonos Island.
|
| 651 |
|
0 |
|a Mykonos Island (Greece)
|x History.
|
| 852 |
|
|
|a INST
|b RHODES
|e 19970319
|h 398.0949585 ΚΟΡ
|p 005400010408
|q 005400010408
|t BK
|y 0
|
| 909 |
|
|
|a Ρ
|b 009814
|
| 970 |
|
|
|z 2000/06/ΟΙΚΟΝΟΜΟΠΟΥΛΟΥ (SUBJECT)
|